La política

Saved in:
Bibliografiske detaljer
Hovedforfatter: Aristóteles, 384 a.C.- 322 a.C (Author)
Format: Bog
Sprog:spansk
Udgivet: Madrid Espasa-Calpe 1985
Udgivelse:17a. ed
Fag:
Tags: Tilføj Tag
Ingen Tags, Vær først til at tagge denne postø!

MARC

LEADER 00000nam a2200000 a 4500
001 UCX9024
003 CL-VaPUC
008 940511e19850000SP |||||||||||||||||spa|d
082 0 4 |a 185  |b ARI  |2 21 
100 |a Aristóteles,  |d 384 a.C.- 322 a.C.  |e author  |9 194 
245 1 3 |a La política 
250 |a 17a. ed 
300 |a 246 p 
942 |c BK 
945 |d 19940511 00:00:00  |a aalvarez 
260 |a Madrid  |b Espasa-Calpe  |c 1985 
650 0 |a Ciencias Políticas  |9 255201 
583 |a last modification  |c 19940511 00:00:00  |k Rodrigo Vera 
999 |c 228377  |d 228375 
952 |0 0  |1 0  |4 0  |6 185_000000000000000_ARI_1985  |7 0  |8 A  |9 228369  |a BIBEDU  |b BIBEDU  |d 2019-11-15  |i 2979756  |o 185 ARI 1985  |p 2979756  |r 2019-11-15  |w 2019-11-15  |y BK  |k LIT